00612 2200241 4500001002100000005001500021035002000036245004900056100002300105250000600128300003700134260003300171082001000204084001600214020002200230650001600252990001700268990001700285990001700302990001700319990001700336990001700353INLIS00000000000019920180911010123 a0010-09180000531 aJurnalistik untuk Guru /cDrs. Gunawaan M.Pd0 aDrs. Gunawaan M.Pd a- aviii, 56 hlm. :bilus. ;c21 cm. aDepok :bCV Arya Duta,c2010 a070.4 a070.4 DRS j a979-979-750-490-7 aJurnalistik a00853/P/2018 a00854/P/2018 a00855/P/2018 a00856/P/2018 a00857/P/2018 a00858/P/2018